Hodnotenie biometrických parametrov dlhosrstých zvierat metódami ML

Guardado en:
Detalles Bibliográficos
Autor principal: Dulovec, Tibor (Autor)
Otros Autores: Kováčová, Monika (Orientador)
Formato: Manuscrito Libro
Lenguaje:eslovaco
Publicado: 2025
Materias:
Acceso en línea:http://is.stuba.sk/zp/portal_zp.pl?podrobnosti=184046
Etiquetas: Agregar Etiqueta
Sin Etiquetas, Sea el primero en etiquetar este registro!

MARC

LEADER 00000ntm a22000003a 4500
001 stuzp105761
003 SK-STU
005 20250607211517.6
007 ta
008 150427s2015----xo-----f-mn---000-0-slo-d
040 |a STU  |b slo 
041 0 |a slo 
100 1 |a Dulovec, Tibor  |u 070200  |4 aut  |U FIIT Fakulta informatiky a informačných technológií  |T FIIT Ústav informatiky, informačných systémov a softvérového inžinierstva  |X 102905  |U I200  |Y 179  |7 102905 
242 0 1 |a Assessment of Biometric Parameters of Long-Haired Animals Using Machine Learning Methods  |y eng 
245 1 0 |a Hodnotenie biometrických parametrov dlhosrstých zvierat metódami ML 
260 |c 2025 
650 4 |a image processing  |2 eng 
650 4 |a clustering  |2 eng 
650 4 |a biometrics  |2 eng 
650 4 |a spracovanie obrazu  |2 slo 
650 4 |a klasterizácia  |2 slo 
650 4 |a biometria  |2 slo 
700 1 |a Kováčová, Monika  |u 070200  |k Z1  |4 ths  |U FIIT Fakulta informatiky a informačných technológií  |T FIIT Ústav informatiky, informačných systémov a softvérového inžinierstva  |X 2333  |U I200  |Y 179  |7 A000002333 
856 4 |u http://is.stuba.sk/zp/portal_zp.pl?podrobnosti=184046